000 00753cam a2200217 a 4500
003 CO-ViMGA
008 110705s2008 ag ad r 000 0 spa d
020 _a9789871432127
040 _aCO-ViMGA
_bspa
_cCO-ViMGA
082 0 4 _a616.8
_bM41
_221
100 1 _aMías, Carlos Daniel
_941
245 1 0 _aPrincipios de neuropsicología clínica con orientación ecológica
_baspectos teóricos y procedimentales
250 _a1a ed.
260 _aCórdoba, Argentina
_bEncuentro Grupo Editor
_c2008.
300 _a175 p.
_bilustraciones, cuadros
_c20 cm.
504 _aIncluye referencias bibliográficas (p. 165-175).
650 1 4 _aNeuropsicología
_942
650 2 4 _aNeuropsicología clínica
_943
650 2 4 _aPsicología clínica
_944
942 _2ddc
_cBK
999 _c12036
_d12036